000 00515nam a2200181 a 4500
005 20140310183228.0
008 040308s19uu xx 00 eng d
020 _a0345277848
050 _aPS 3561.U6
_b.K96 1981 vol.3
100 _aKurtz, Katherine
245 _aCamber of Heretic /
_cKatherine Kurtz.
260 _aNew York :
_bBallantine Books,
_c1981.
300 _a506p. :
_c17cm.
500 _a"Vol. III in the legends of Camber Culdi"
650 _aFantasy Fiction
942 _cBK
_2lcc
999 _c20439
_d20439